000 00716nam a2200217 i 4500
001 135577
003 ES-MaACL
005 20231111062531.0
007 t|
008 070719s1969 sp ||||1| spa d
080 _a86.09"15/19"(04)
100 1 _aTorre, Guillermo de (
_d1900-1971)
_9110740
245 1 0 _aDel 98 al Barroco /
_cGuillermo de Torre.
260 _aMadrid :
_bGredos,
_c[1969]
300 _a451 p. ;
_c19 cm.
490 1 _aBiblioteca románica hispánica ;
_vVII. Campo abierto ;
_v22
650 4 _aLiteratura española-
_xHistoria y crítica
_914560
830 1 _aBiblioteca románica hispánica ;
_vVII. Campo abierto ;
_v22
_9180746
852 _aES-MaACL
_jC-35830
999 _c135577
_d135577